000 00297nam a22001337a 4500
020 _a0-7214-0248-8
082 _a823
_bHAR/S
100 _aHARE, D S
245 _aTHE STORY PF SAINT PAUL
260 _aUNITED KINGDOM
_bLADYBIRD
300 _a50
650 _aSPIRITUAL
_zUNITED KINGDOM
942 _cBK
999 _c4770
_d4770